Top 15 des Personnages les Plus Forts dans Jujutsu Kaisen - Statistiques

Statistiques générales
  • Ce quiz a été pris 582 fois
  • Le résultat moyen est 11 sur 15
Statistiques - réponses
Rank Réponse % Correct
1 Gojo Satoru
100%
2 Ryomen Sukuna
98%
11 Itadori Yuji
93%
5 Okkotsu Yuta
88%
8 Fushiguro Toji
83%
15 Geto Suguru
81%
9 Zen'in Maki
81%
14 Jogo
77%
3 Kenjaku
74%
13 Mahito
74%
4 Tsukumo Yuki
63%
10 Hakari Kinji
58%
7 Mahoraga
47%
6 Kashimo Hajime
44%
12 Yorozu
16%
Aucun quiz correspondant
Distribution des résultats
% des personnes avec chaque résultat
Percentile par nombre de réponses
Votre historique - résultats
Vous n’avez pas pris ce quiz